000 00605nam a2200169Ia 4500
008 090711s9999 xx 000 0 und d
082 _b218
100 _aनायक प्रदीप
245 _aखग्रास सूर्यग्रहण : 11 ऑगस्ट 99
260 _c1999
300 _a72
600 _aनायक प्रदीप
630 _aखग्रास सूर्यग्रहण : 11 ऑगस्ट 99
700 _aनायक प्रदीप
730 _aखग्रास सूर्यग्रहण : 11 ऑगस्ट 99
942 _cBOOK
999 _c335250
_d335250